000 01067nam a2200301Ia 4500
003 OSt
005 20221007122207.0
006 a|||||r|||| 00| 0
007 ta
008 221006b |||||||| |||| 00| 0 eng d
020 _a0199236771 (pbk)
_cRs.297.50
024 _a79637
037 _b2198, 23/11/2007, Unilib Book Distributors
_cTextual
040 _aPAPL
_cPAPL
_beng
041 _2eng
_aeng
082 _aD65,8(B)5, N9 Carpa
100 _aKaye Phillip
_9713680
245 0 _aIntroduction to quantum computing
_b Laflamme Raymond Mosca Michele
260 _aOxford
_bOxford University Press
_c1999
300 _axi, 274p.
_ccm.
500 _aAppendix A, 241-259p.; Bibliography 260-269p.; Index 270-274p.
650 _a Quantum computers
_9713681
650 _aPhysics
700 _a Laflamme Raymond
_9713682
700 _a Mosca Michele
_9713683
942 _hD65,8(B)5, N9 Carpa
_cTEXL
_2CC
999 _c1209922
_d1209922